Music Quiz

Random Music or Lyrics Quiz

Name The Song (R&B) Quiz Stats

 Plays Quiz not verified by Sporcle

Challenge
Share
Tweet
Embed
Score 0/20 Timer 15:00
0 Plays Today
Lyrics Song % Correct
A lonely mother gazing out of the window/Staring at her son that she just can't touch Waterfalls
82.1%
I will never find another lover sweeter than you/Sweeter than you All My Life
71.6%
I don't know what it is that you've done to me.../But it's caused me to act in such a crazy way.Weak
70.1%
See first of all/I know these so-called playas wouldn't tell you thisLet's Get Married
59.7%
Baby you don't know,what you do to me/Between me and you, I feel a chemistryOne In A Million
56.7%
Girl you know we belong together/I don't have time for you to be playing with my heart like thisEnd Of The Road
56.7%
When you feel it in your body/You found somebody who makes you change your waysU Got It Bad
55.2%
When I first saw you I already knew/ There was something inside of youAngel Of Mine
53.7%
Heard about my past/Things I used to doThey Don't Know
49.3%
While he was scheming/I was beamin' in the Beamer just beamin' Hit 'Em Up Style
40.3%
Lyrics Song % Correct
It's after midnight and she's on your phone/Sayin' come over 'cuz she's all aloneCase Of The Ex
40.3%
You never tried me, always stood right by me/Make living lively highly spoken of my only love, the only one Wifey
40.3%
Almost made you love me/Almost made you cryAlmost Doesn't Count
35.8%
I can't remember why we fell apart/From something that was so meant to be, yeah Anytime
29.9%
Want to, but I can’t help it/I love the way it feels,Because Of You
29.9%
I don't wish you no bad luck baby/I don't wish you no strainWhatever You Want
28.4%
You can say I'm plain Jane, but it's not the same/I ain't in to big names, but I like nice thingsCaramel
26.9%
Now I don't have to question/Where you were last nightDon't Think I'm Not
17.9%
Some dreams are in the night time/And some seem like yesterday Seasons Change
13.4%
Your love for me came as a waterfall/Flowing inside me like never beforeGotta Tell You
11.9%

You're not logged in!

Compare scores with friends on all Sporcle quizzes.
OR
Log In

You Might Also Like...

Show Comments

Extras

Created Apr 2, 2013ReportNominate
Tags:Lyrics Quiz

Top Quizzes Today


Score Distribution

Your Account Isn't Verified!

In order to create a playlist on Sporcle, you need to verify the email address you used during registration. Go to your Sporcle Settings to finish the process.

Report this User

Report this user for behavior that violates our Community Guidelines.

Details: